000
00349pab a2200157 454500
008
180718b2011 xxu||||| |||| 00| 0 eng d
100
_a
Sawant, P.B.
245
_a
Role of media in crises situations
260
_c
2011
300
_a
p.22-25.
362
_a
5 Nov
650
_a
Mass media
773
_a
Mainstream
908
_a
N
909
_a
93644
999
_c
93644
_d
93644